The untold history of the United States /

A companion to the ten-part documentary series outlines provocative arguments against official American historical records to reveal the origins of conservatism and the obstacles to progressive change.

Bibliographic Details
Main Author: Stone, Oliver
Other Authors: Kuznick, Peter J.
Format: Book
Language:English
Published: New York : Gallery Books, [2012]
Edition:1st Gallery Books hardcover ed.
Subjects:
Online Access:Contributor biographical information
Publisher description

MARC

Tag First Indicator Second Indicator Subfields
LEADER 00000cam a2200000 a 4500
001 in00002782944
005 20150922150500.0
008 111220s2012 nyua 001 0 eng
010 |a  2011051642 
020 |a 9781451613513 
020 |a 1451613512 
020 |z 9781451616446 (ebook) 
020 |z 1451616449 (ebook) 
035 |a (OCoLC)ocn769289599 
040 |a DLC  |c DLC  |d UtOrBLW 
043 |a n-us--- 
049 |a TXAM 
050 0 0 |a E741  |b .S76 2012 
082 0 0 |a 973.91  |2 23 
100 1 |a Stone, Oliver. 
245 1 4 |a The untold history of the United States /  |c Oliver Stone and Peter Kuznick. 
250 |a 1st Gallery Books hardcover ed. 
264 1 |a New York :  |b Gallery Books,  |c [2012] 
264 4 |c ©2012 
300 |a xxxiii, 750 pages :  |b illustrations ;  |c 24 cm. 
336 |a text  |b txt  |2 rdacontent 
337 |a unmediated  |b n  |2 rdamedia 
338 |a volume  |b nc  |2 rdacarrier 
505 0 |a World War I -- The New Deal -- World War II -- The Bomb -- The Cold War -- Ike -- Kennedy -- Johnson's Wars -- Nixon -- Carter -- Reagan -- Clinton -- Bush. 
504 |a Includes bibliographical references and index. 
520 |a A companion to the ten-part documentary series outlines provocative arguments against official American historical records to reveal the origins of conservatism and the obstacles to progressive change. 
651 0 |a United States  |x History  |y 20th century. 
651 0 |a United States  |x History  |y 21st century. 
651 0 |a United States  |x Politics and government  |y 20th century. 
651 0 |a United States  |x Politics and government  |y 2001-2009. 
700 1 |a Kuznick, Peter J. 
730 0 |a Untold history of the United States (Television program) 
856 4 2 |3 Contributor biographical information  |u http://catdir.loc.gov/catdir/enhancements/fy1205/2011051642-b.html  |t 0 
856 4 2 |3 Publisher description  |u http://catdir.loc.gov/catdir/enhancements/fy1205/2011051642-d.html  |t 0 
945 |a PromptCat  |b 108289 
946 |a stk 
947 |a A14835930245 
948 |a cataloged  |b h  |c 2012/11/29  |d c  |e dmitchel  |f 4:00:00 pm 
994 |a 92  |b TXA 
999 |a MARS 
999 f f |s 08a1cf3e-6698-3920-a0d0-872e519ffb0b  |i bbda75e3-5c33-372e-9121-b0b796f404fe  |t 0 
952 f f |p normal  |a Texas A&M University  |b College Station  |c Sterling C. Evans Library  |d Evans: Library Stacks  |t 0  |e E741 .S76 2012  |h Library of Congress classification  |i unmediated -- volume  |m A14835930245 
998 f f |a E741 .S76 2012  |t 0  |l Evans: Library Stacks